000 00685nam a2200265Ia 4500
003 OSt
005 20220918165348.0
006 a|||||r|||| 00| 0
007 ta
008 220917b |||||||| |||| 00| 0 eng d
020 _a416750400
024 _a46,692
037 _cTextual
040 _aARTS
_cARTS
_beng
041 _2eng
_aeng
082 _aO111:g, L2
100 _aMerchant W Moelwyn
_923954
245 0 _aComedy
260 _aLondon
_bMethuen UK
_c1972
300 _a92p.
_ccm.
490 _aCritical idion ed by John D Jump; 21
650 _aENGLISH LITERATURE
942 _hO111:g, L2
_cTEXL
_2CC
999 _c129506
_d129506